• 首页
  • 本馆介绍
  • 公告通知
  • 最新文献
  • 馆藏检索
  • 电子资源
  • 读者导购
  • 参考咨询
  • 我的图书馆
  • 登录
  • 详细信息显示
  • 放入我的书架
  • 预约/预借图书
  • 作者相关作品
  • 分类相关作品
  • 丛书相关作品
  • 出版社相关作品

书目信息

  • 表格格式
  • 工作单格式
  • 卡片格式
题名:
中国皇家卫队
    
 
作者: 王镜轮 著
分册:  
出版信息: 北京   新世界出版社  2002
页数: 313页
开本: 20cm
丛书名: 走进皇宫系列丛书
单 册:
中图分类: E291
科图分类:
主题词: 禁军--中国--古代 , 禁军
电子资源:
ISBN: 7-80005-878-6
000 00828oam2 2200253 450
001 1262484625
005 20121003172151.04
010    @a7-80005-878-6@dCNY20.00
100    @a20021126d2002 em y0chiy0110 ea
101 0  @achi
102    @aCN@b110000
105    @aa z 000yy
200 1  @a中国皇家卫队@Azhong guo huang jia wei dui@f王镜轮著
210    @a北京@c新世界出版社@d2002
215    @a313页@c图@d20cm
225 2  @a走进皇宫系列丛书
330    @a本书从先秦至秦朝禁卫规模开始讲起,以历代宫廷为舞台,从禁卫军的建制、沿革、兴衰、扈驾左右、保卫皇宫、参与政变等多方面展示中国皇家卫队从诞生到清末两千余年的历史。
461  0 @12001 @a走进皇宫系列丛书
606 0  @a禁军@y中国@z古代
606 0  @a禁军
690    @aE291@v4
701  0 @a王镜轮@Awang jing lun@4著
801  0 @aCN@bNLC@c20101222
905    @a10447@dE291@eJY38
    
    中国皇家卫队/王镜轮著.-北京:新世界出版社,2002
    313页:图;20cm.-(走进皇宫系列丛书)
    
    
    ISBN 7-80005-878-6:CNY20.00
    本书从先秦至秦朝禁卫规模开始讲起,以历代宫廷为舞台,从禁卫军的建制、沿革、兴衰、扈驾左右、保卫皇宫、参与政变等多方面展示中国皇家卫队从诞生到清末两千余年的历史。
●
相关链接 在E读中查询图书 在五车中查询图书 在当当中查询图书 在豆瓣中查询图书


正题名:中国皇家卫队     索取号:E291/JY38         预约/预借

序号 登录号 条形码 馆藏地/架位号 状态 备注
1 7813331   278133315   学院路分馆/ [索取号:E291/JY38] 在馆    
2 7813332   278133324   学院路分馆/ [索取号:E291/JY38] 在馆    
唐山师范学院图书馆 欢迎您!
大连网信软件有限公司© 版权所有